| 000 | 00861nam a2200241 a 4500 | ||
|---|---|---|---|
| 001 | 000024041 | ||
| 005 | 20240412074251.0 | ||
| 008 | 110118s2010 dr 001 p spa d | ||
| 020 | _a9789945068511 | ||
| 040 |
_aDO-SdBNP _bpa _cBNPHU |
||
| 082 |
_aRD861.508 _bR621a |
||
| 100 | 1 |
_aRivera Cedeño, Ernesto, _d1934- _943032 |
|
| 245 | 1 | 0 |
_aAntología de la poesía higüeyana / _cErnesto Rivera Cedeño. |
| 260 |
_aSanto Domingo : _bSantuario, _c2010. |
||
| 300 |
_av. ; _c22 cm. |
||
| 500 | _aIncluye datos biográficos del autor en las solapas de la cubierta. | ||
| 500 | _aLa biblioteca posee el v. 1. | ||
| 590 | _aInventariado, 2019 / DG | ||
| 650 | 4 |
_aPoesía dominicana _xColecciones _9351 |
|
| 650 | 0 |
_aLiteratura dominicana. _967 |
|
| 650 | 4 |
_aVida cultural _zHiguey (República Dominicana{Rpara} _949403 |
|
| 910 | _aValidado. Control de calidad EMS | ||
| 999 |
_c23536 _d23536 |
||